Carregando...

Social entrepreneurship

Detalhes bibliográficos
Autor principal: Patil, B S
Formato: Printed Book
Publicado em: ALP Books 2009
Assuntos:
LEADER 00513nam a2200193 4500
020 |c 650 
082 |a 338.7 PAT 
100 |a Patil, B S 
245 |a Social entrepreneurship  |c Patil, B S 
250
260 |a ALP Books  |c 2009 
300 |a 229 p 
490
500
590 |a Dreamtech  |b D 
650 |a Entrepreneurship--Public enterprise 
942 |c BK 
999 |c 144864  |d 144864 
952 |0 0  |1 0  |4 0  |6 338_700000000000000_PAT  |7 0  |9 158324  |a IMK  |b IMK  |g 650.00  |l 0  |o 338.7 PAT  |p IMK11226  |r 2019-10-25  |w 2019-10-25  |y BK